19th or 20th century? - Statistics

General Stats
  • This quiz has been taken 820 times
  • The average score is 10 of 15
Answer Stats
Question Answer % Correct
Queen Victoria dies 20th
85%
The first modern Olympic Games takes place 19th
78%
The BBC is founded 20th
78%
Theodore Roosevelt becomes president of the USA 20th
76%
Manchester United Football Club is founded 19th
68%
The automobile is invented 19th
68%
The Panama Canal is opened 20th
68%
Nikita Khruschev is born 19th
63%
Construction begins on the Sagrada Familia in Barcelona 19th
61%
The Boxer Rebellion begins in China 19th
59%
The population of the USA surpasses 50 million 19th
56%
New Zealand becomes the first country to give women the vote 19th
56%
France and the UK sign the Entente Cordiale agreements 20th
56%
The Second Boer War ends 20th
41%
Franz Reichelt dies whilst jumping off the Eiffel Tower to test his wearable parachute 20th
41%
No matching quizzes found
Score Distribution
Percent of People with Each Score
Percentile by Number Answered
Your Score History
You have not taken this quiz